000
00228nam a2200085Ia 4500
245
0
_a
Worzel Gummidge at the circus
100
_a
TODD, B E. [S.l.], 1970
_9
89549
942
_c
BK
008
210817s9999 xx 000 0 und d
999
_c
360213
_d
360212